|
|
|
|
| LEADER |
00885cam a2200253 7i4500 |
| 001 |
0000050996 |
| 005 |
20200617090000.0 |
| 008 |
161228 eng |
| 020 |
|
|
|a 0787978914
|
| 020 |
|
|
|a 9780787978914
|
| 090 |
0 |
0 |
|a RA652
|b .F77 2005
|
| 100 |
1 |
|
|a Fos, Peter J
|
| 245 |
1 |
0 |
|a Managerial epidemiology for health care organizations
|c Peter J. Fos and David J. Fine ; with contributions by Brian W. Amy, Miguel A. Zuniga.
|
| 250 |
|
|
|a 2nd ed.
|
| 260 |
|
|
|a San Francisco, CA:
|b Jossey-Bass,
|c 2005.
|
| 300 |
|
|
|a xxiv, 321 p.:
|b ill.;
|c 25 cm.
|
| 504 |
|
|
|a Includes bibliographical references and index
|
| 650 |
0 |
0 |
|a Epidemiology
|
| 650 |
0 |
0 |
|a Health services administration
|
| 700 |
1 |
|
|a Fine, David J
|
| 700 |
1 |
|
|a Amy, Brian W
|
| 700 |
1 |
|
|a Zuniga, Miguel A
|
| 997 |
|
|
|a Health Sciences, Faculty
|
| 999 |
|
|
|a 0000060628
|b BOK
|c OPEN SHELF
|e 1st Floor, Shah Alam
|